|
|
|
|
| LEADER |
00000naa2a2200000 4500 |
| 001 |
223507 |
| 005 |
20231031200226.0 |
| 035 |
|
|
|a (RuTPU)RU\TPU\book\243759
|
| 035 |
|
|
|a RU\TPU\book\243758
|
| 090 |
|
|
|a 223507
|
| 100 |
|
|
|a 20121011d1971 k y0rusy50 ca
|
| 101 |
0 |
|
|a rus
|
| 102 |
|
|
|a RU
|
| 200 |
1 |
|
|a Исследование взаимодействия механизированной крепи 2М-81К с вмещающими породами при отработке наклонных пластов
|f М. И. Середенко [и др.]
|
| 463 |
|
0 |
|0 (RuTPU)RU\TPU\book\120134
|t Совершенствование подземной отработки угольных пластов Кузбасса
|f Кузнецкий научно-исследовательский угольный институт (КузНИУИ)
|v С. 76-81
|d 1971
|s Сборник ; № 23
|
| 701 |
|
1 |
|a Середенко
|b М. И.
|
| 701 |
|
1 |
|a Белов
|b В. П.
|
| 701 |
|
1 |
|a Полещук
|b Б. И.
|
| 701 |
|
1 |
|a Абрамов
|b В. А.
|
| 701 |
|
1 |
|a Дурнин
|b К. М.
|
| 701 |
|
1 |
|a Соколов
|b Н. Н.
|
| 701 |
|
1 |
|a Раздаев
|b В. В.
|
| 701 |
|
1 |
|a Скибина
|b К. К.
|
| 801 |
|
1 |
|a RU
|b 63413507
|c 20121011
|
| 801 |
|
2 |
|a RU
|b 63413507
|c 20121011
|g RCR
|
| 942 |
|
|
|c BK
|